00913nam a2200193Ia 4500001001000000003001000010008004100020040002500061041001300086100002500099245005500124250001100179260006000190300001200250500015100262501011400413520015100527650004100678L149-1000IT-CnALBA170116s9999||||xx |||||||||||||| ||und|| aIT-CnALBAcIT-CnALBA aITALIANO aBERGHIN-ROSÈ GUIDO 0aELEMENTI DI FILOSOFIA. VOL. VI. TEOLOGIA NATURALE  a1a ed. a TORINO - ROMAbMARIETTI EDITORE c1951 [1° Ed.: n.d.] a232 p.  aDIO ESISTENZA PREMESSE ESISTENZA DI DIO ATEISMO NATURA DI DIO ESSENZA ATTIBUTI OPERAZIONI CEAZIONE CONSERVAZIONE CONCORSO PRESCIENZA PROVVIDENZA.  aSocietà San Paolo EM - Piazza San Paolo, 14 - 12051 ALBA (CN) (non commercial uses only) ® Copyright 2017 aDIO ESISTENZA PREMESSE ESISTENZA DI DIO ATEISMO NATURA DI DIO ESSENZA ATTIBUTI OPERAZIONI CEAZIONE CONSERVAZIONE CONCORSO PRESCIENZA PROVVIDENZA.  aALTRI SISTEMI E DOTTRINE FILOSOFICHE